• 首页
  • 本馆介绍
  • 公告通知
  • 最新文献
  • 馆藏检索
  • 电子资源
  • 读者导购
  • 参考咨询
  • 我的图书馆
  • 登录
  • 详细信息显示
  • 放入我的书架
  • 预约/预借图书
  • 作者相关作品
  • 分类相关作品
  • 丛书相关作品
  • 出版社相关作品

书目信息

  • 表格格式
  • 工作单格式
  • 卡片格式
题名:
有限群导引
    
 
作者: 徐明曜 著
分册: 下册  
出版信息: 北京   科学出版社  1999.05
页数: 409页
开本: 20cm
丛书名: 现代数学基础丛书
单 册:
中图分类: O152.1
科图分类:
主题词: 代数 , 数论 , 组合数学
电子资源:
ISBN: 7-03-007119-0
000 00648nam0 2200253 45
001 0009271547
005 20040517082705.1
010    @a7-03-007119-0@dCNY27.00
100    @a20000927d1999 km y0chiy0120 ea
101 0  @achi
105    @a z 000yy
200 1  @a有限群导引@h下册@f徐明曜等著@FXu Ming Yao Deng Zhu
205    @a2版
210    @a北京@c科学出版社@d1999.05
215    @a409页@d20cm
225    @a现代数学基础丛书
410    @12001 @a现代数学基础丛书
606 0  @a代数
606 0  @a数论
606 0  @a组合数学
690    @aO152.1@v2
701  0 @a徐明曜@4著
801    @aCN@bTSTC@c20001003
905    @dO152.1@e14:2=2@f1@b291162
    
    有限群导引.下册/徐明曜等著.-2版.-北京:科学出版社,1999.05
    409页;20cm.-(现代数学基础丛书)
    
    
    ISBN 7-03-007119-0:CNY27.00
    
●
相关链接 在E读中查询图书 在五车中查询图书 在当当中查询图书 在豆瓣中查询图书


正题名:有限群导引     索取号:O152.1/14:2=2         预约/预借

序号 登录号 条形码 馆藏地/架位号 状态 备注
1 0291162   002911629   第三借阅区/ [索取号:O152.1/14:2=2] 在馆    
2 0291163   002911638   第三借阅区/ [索取号:O152.1/14:2=2] 在馆    
3 0291164   002911647   第三借阅区/ [索取号:O152.1/14:2=2] 在馆    
4 0291165   002911656   第三借阅区/ [索取号:O152.1/14:2=2] 在馆    
5 0291166   002911665   第二样本阅览室/ [索取号:O152.1/14:2=2] 在馆    
唐山师范学院图书馆 欢迎您!
大连网信软件有限公司© 版权所有